Stati con più Musulmani in Asia - Statistics

Statistiche generali
  • Questo quiz è stato fatto 9 volte
  • Il punteggio medio è 9 su 10
Statistiche sulle risposte
Musulmani (in numeri assoluti) Stato % Corretto
31 535 000 Arabia Saudita
100%
150 800 000 Bangladesh
100%
200 000 000 India
100%
236 000 000 Indonesia
100%
82 500 000 Iran
100%
38 439 566 Iraq
100%
240 760 000 Pakistan
89%
37 025 000 Afghanistan
67%
78 000 000 Turchia
67%
29 920 000 Uzbekistan
44%
Nessun quiz corrispondente trovato
Distribuzione punteggi
Percentuale di utenti per punteggio
Percentile per numero di risposta
I tuoi punteggi nel tempo
Non hai fatto questo quiz